000 01140nam a22003497a 4500
001 BR7909011
003 BR-BrBNA
005 20230928090426.0
007 ta
008 230509b bl.||||| |||| 00| 0 por d
040 _aBR-BrBNA
_bpor
_cBiblioteca Nacional de Agricultura
041 _a(Por)
072 _aL30
_b5213
_b/G514
090 _ 5213 BR7909011
100 1 _aRoda, D.S.
110 1 _aUniversidade Federal do Rio Grande do Sul, Porto Alegre (Brasil). Depto. de Zootecnia
_0Dissertacao (Mestrado)
_911157
245 1 _aSistema de desmame de terneiros filhos de touro Nelore e Charoles com vacas mesticas [Rio Grande do Sul, bezerro, gado de corte, Brasil]
260 3 _aPorto Alegre, RS (Brasil):
_c1979.
300 _a75 p.
500 _a22 tables; Bibliography p. 46-51 (52 ref.); Summaries (Eng, Por)
650 _aNUTRICAO ANIMAL
650 _aDESMAMA
650 _aBEZERRO
650 _aBEZERRO DE CORTE
650 _aGADO NELORE
650 _aGADO CHAROLES
650 _aGADO DE CORTE
650 _aVACA DE CORTE
650 _aRIO GRANDE DO SUL
909 _a202309
_bLucia
_c55
_dLucia Elande
942 _cBK
999 _c28788
_d28788